Подробности
| 000 -МАРКЕР |
| контрольное поле |
01416nam2a22002771 4500 |
| 001 - ИДЕНТИФИКАТОР ЗАПИСИ |
| контрольное поле |
rc\4609566 |
| 005 - ИДЕНТИФИКАТОР ВЕРСИИ |
| контрольное поле |
20250612131738.0 |
| 021 ## - НОМЕР ГОСУДАРСТВЕННОЙ РЕГИСТРАЦИИ |
| Код страны |
Российская Федерация |
| Номер |
[66-80936] |
| 035 ## - ДРУГИЕ СИСТЕМНЫЕ НОМЕРА |
| Идентификатор записи |
(NLR Aleph) 008670141 |
| 100 ## - ДАННЫЕ ОБЩЕЙ ОБРАБОТКИ |
| Данные общей обработки |
20130416d1966 |||y0rusy50 ca |
| 101 0# - ЯЗЫК РЕСУРСА |
| Язык текста, звукозаписи и т.д. |
русский |
| 102 ## - СТРАНА ПУБЛИКАЦИИ ИЛИ ПРОИЗВОДСТВА |
| Страна публикации |
Российская Федерация |
| 105 ## - ПОЛЕ КОДИРОВАННЫХ ДАННЫХ: ТЕКСТОВЫЕ МАТЕРИАЛЫ, МОНОГРАФИЧЕСКИЕ |
| Кодированные данные о монографическом текстовом документе |
a z ||||| |
| 200 1# - ЗАГЛАВИЕ И СВЕДЕНИЯ ОБ ОТВЕТСТВЕННОСТИ |
| Основное заглавие |
1920-1940 |
| Первые сведения об ответственности |
[Авт. проф. В.К. Мишке, канд. ист. наук П.Б. Бамбитис, Я.Я. Биезайс и др.] |
| 210 ## - ПУБЛИКАЦИЯ, РАСПРОСТРАНЕНИЕ И ДР. |
| Имя издателя, распространителя и т. д. |
Лиесма |
| Дата издания, распространения и т.д. |
1966 |
| Место издания, распространения и т.д. |
Б. м. |
| 215 ## - ФИЗИЧЕСКАЯ ХАРАКТЕРИСТИКА |
| Специфическое обозначение материала и объем |
472 с. |
| Другие сведения о физической характеристике |
ил. |
| 461 #0 - УРОВЕНЬ НАБОРА |
| Встроенное поле |
001rc\4609564 |
| -- |
2001#$aОчерки истории Коммунистической партии Латвии$e[Ч.] 1-$fИн-т истории партии при ЦК КП Латвии - филиал Ин-та марксизма-ленинизма при ЦК КПСС$v[Ч.] 2 |
| Системный номер (АБИС) связанной записи |
9115034 |
| Место публикации |
Рига |
| Дата публикации |
1962 |
| Первые сведения об ответственности |
Ин-т истории партии при ЦК КП Латвии - филиал Ин-та марксизма-ленинизма при ЦК КПСС |
| Имя издателя, распространителя и т.д. |
Латгосиздат |
| Сведения, относящиеся к заглавию |
[Ч.] 1- |
| Заглавие |
Очерки истории Коммунистической партии Латвии |
| Номер тома |
[Ч.] 2 |
| 701 #1 - ИМЯ ЛИЦА - АЛЬТЕРНАТИВНАЯ ОТВЕТСТВЕННОСТЬ |
| Начальный элемент ввода |
Бамбитис |
| Часть имени, кроме начального элемента ввода |
П.Б. |
| 701 #1 - ИМЯ ЛИЦА - АЛЬТЕРНАТИВНАЯ ОТВЕТСТВЕННОСТЬ |
| Начальный элемент ввода |
Мишке |
| Часть имени, кроме начального элемента ввода |
В.К. |
| Расширение инициалов личного имени |
Владимир Карлович |
| 701 #1 - ИМЯ ЛИЦА - АЛЬТЕРНАТИВНАЯ ОТВЕТСТВЕННОСТЬ |
| Начальный элемент ввода |
Биезайс |
| Часть имени, кроме начального элемента ввода |
Я.Я. |
| 801 #0 - ИСТОЧНИК ЗАПИСИ |
| Страна |
Российская Федерация |
| Организация |
NLR |
| Правила каталогизации |
psbo |
| 801 #1 - ИСТОЧНИК ЗАПИСИ |
| Страна |
Российская Федерация |
| Организация |
ELAR |
| Источник данных |
rusmarc |
| 852 ## - МЕСТОНАХОЖДЕНИЕ И ШИФР ХРАНЕНИЯ |
| Идентификатор организации |
NLR |
| Шифр хранения (Call Number) |
62-5/3579 |
| 942 ## - ДОПОЛНИТЕЛЬНЫЕ ЭЛЕМЕНТЫ ЗАПИСИ (АБИС) |
| Тип экземпляра АБИС |
Книга |
| 980 ## - КОЛЛЕКЦИЯ |
| Название коллекции |
Национальная библиография |